| 000 | 00000nas 2200000za 4500 |
| 001 | 9.803449 |
| 003 | CaOODSP |
| 005 | 20250602112352 |
| 007 | cr ||||||||||| |
| 008 | 150921c20159999oncar pso f0 a0eng|d |
| 022 | |a2369-5579 |
| 040 | |aCaOODSP|beng |
| 043 | |an-cn--- |
| 086 | 1 |aCC171-25E-PDF |
| 086 | 1 |aCC171-25-PDF |
| 222 | 0|aRegulatory oversight report for Canadian nuclear power plants |
| 245 | 00|aRegulatory oversight report for Canadian nuclear power plants |h[electronic resource]. |
| 246 | 3 |aRegulatory oversight report for Canadian nuclear power generating sites = |bRapport de surveillance réglementaire des sites de centrales nucléaires au Canada|f2017- |
| 260 | |aOttawa : |bCanadian Nuclear Safety Commission, |c[2015]- |
| 310 | |aAnnual |
| 362 | 0 |a2014- |
| 500 | |aIssued also in French under title: Rapport de surveillance réglementaire des centrales nucléaires au Canada. |
| 692 | 07|2gccst|aNuclear power plants |
| 692 | 07|2gccst|aRegulatory agencies |
| 710 | 2 |aCanadian Nuclear Safety Commission. |
| 775 | 08|tRapport de surveillance réglementaire des centrales nucléaires au Canada |w(CaOODSP)9.803452 |
| 780 | 00|tCNSC staff integrated safety assessment of Canadian nuclear power plants for ... |w(CaOODSP)9.506247 |